| 000 | 00808nam a2200229Ia 4500 | ||
|---|---|---|---|
| 008 | 191130s2007##################000#0#eng## | ||
| 020 | _a9781402732621 | ||
| 022 | _a2007003630 | ||
| 040 |
_aACL _cACL |
||
| 082 | _a793.8092 MUL | ||
| 100 | _aMullin, Rita T | ||
| 245 |
_aHarry Houdini : death-defying showman _cRita Thievon Mullin |
||
| 260 |
_aNew York _bSterling Publishing _cc2007 |
||
| 300 | _a124 p. : ill. (some col.) ; 20 cm | ||
| 500 | _aIncludes bibliographical references and index | ||
| 650 | _aEscape artists - United States - Biography - Juvenile literature | ||
| 650 | _aHoudini, Harry, 1874-1926 - Juvenile literature | ||
| 650 | _aMagicians - United States - Biography - Juvenile literature | ||
| 990 | _a97926220ac10000c5fd54baab22a651a | ||
| 991 | _a334689 | ||
| 999 |
_c202000 _d202000 |
||